000 00708cam a22002533a 4500
001 3327
003 PGUSA
005 20140828083030.0
008 020701s2002||||xxu|||||s|||||000 | eng d
040 _aPGUSA
_beng
042 _adc
050 4 _aBL
100 1 _aBulfinch, Thomas,
_d1796-1867
245 1 0 _aBulfinch's Mythology :
_bThe Age of Fable
_h[electronic resource] /
_cThomas Bulfinch
260 _bProject Gutenberg,
_c2002
506 _aPublic domain in the USA.
516 _aElectronic text
653 _aFolklore -- Europe
653 _aMythology
653 _aMythology, Classical
830 0 _aProject Gutenberg
_v3327
856 4 0 _uhttp://www.gutenberg.org/ebooks/3327
942 _cEB
999 _c232656
_d232656